What women read in West Pakistan (Record no. 671613)

MARC details
000 -LEADER
fixed length control field 00623nam a2200229Ia 4500
003 - CONTROL NUMBER IDENTIFIER
control field OSt
005 - DATE AND TIME OF LATEST TRANSACTION
control field 20220926043145.0
008 - FIXED-LENGTH DATA ELEMENTS--GENERAL INFORMATION
fixed length control field 220923b |||||||| |||| 00| 0 eng d
037 ## - SOURCE OF ACQUISITION
Terms of availability General Book
040 ## - CATALOGING SOURCE
Original cataloging agency RTL
Transcribing agency RTL
Language of cataloging eng
041 ## - LANGUAGE CODE
Source of code eng
Language code of text/sound track or separate title eng
100 ## - MAIN ENTRY--PERSONAL NAME
Personal name Salahuddin Ahmad
245 #0 - TITLE STATEMENT
Title What women read in West Pakistan
Remainder of title A survey
260 ## - PUBLICATION, DISTRIBUTION, ETC.
Date of publication, distribution, etc. 1964
490 ## - SERIES STATEMENT
Series statement Reading habits in Pakistan.1
650 ## - SUBJECT ADDED ENTRY--TOPICAL TERM
Topical term or geographic name entry element Library Sicence
9 (RLIN) 231926
942 ## - ADDED ENTRY ELEMENTS (KOHA)
Classification part 265.44Q7, K4
Koha item type General Books
Source of classification or shelving scheme Colon Classification (CC)
Holdings
Withdrawn status Lost status Damaged status Not for loan Home library Current library Date acquired Total Checkouts Full call number Barcode Date last seen Price effective from Koha item type
        Ratan Tata Library Ratan Tata Library 2022-09-26   265.44Q7 K4 RT0044468 2022-09-26 2022-09-26 General Books
Copyright @ Delhi University Library System